000 00798cam a2200241 a 4500
001 ca 24000714
003 DLC
005 20260227111113.0
008 820519s1923 ksu 000 0 eng
010 _aca 24000714
040 _aDLC
_cCarP
_dDLC
043 _af-ua---
050 0 0 _aDT64
_b.M7
051 _aAC1
_b.L8 no. 469
100 1 _aMoritzen, Julius,
_d1863-
245 1 4 _aThe Egypt of yesterday :
_ba history of exploring and excavation /
_cJulius Moritzen.
260 _aGirard, Kan. :
_bHaldeman-Julius Co.,
_cc1923.
300 _a64 p. ;
_c13 cm.
440 0 _aLittle blue book ;
_vno. 469
440 0 _aPocket series (Haldeman-Julius Company) ;
_vno. 469
500 _aHas series statements: Pocket series (t.p.) Little blue book (p. [1] of cover).
651 0 _aEgypt
_xAntiquities.
999 _c15845
_d15845